Deutsche Fußballweltmeister (Herren) - Statistiken

Allgemein
  • Dieses Quiz wurde 406 mal gespielt
  • Das Durchschnittsergebnis liegt bei 23 aus 48
Antwortstatistiken
Antwort % Korrekt
Gerd Müller
93%
Thomas Müller
93%
Manuel Neuer
91%
Bastian Schweinsteiger
82%
Mario Götze
82%
Miroslav Klose
79%
Jérôme Boateng
78%
Philipp Lahm
78%
Mats Hummels
77%
Franz Beckenbauer
74%
Lothar Matthäus
71%
André Schürrle
66%
Toni Kroos
66%
Mesut Özil
63%
Benedikt Höwedes
62%
Christoph Kramer
62%
Helmut Rahn
61%
Rudi Völler
57%
Karl Mai
55%
Fritz Walter
53%
Sepp Maier
53%
Jürgen Klinsmann
52%
Ottmar Walter
52%
Andreas Brehme
51%
Per Mertesacker
49%
Uli Hoeneß
47%
Paul Breitner
45%
Berti Vogts
37%
Bodo Illgner
34%
Jürgen Kohler
33%
Toni Turek
33%
Pierre Littbarski
32%
Wolfgan Overath
32%
Georg Schwarzenbeck
31%
Thomas Häßler
28%
Bernd Hölzenbein
26%
Max Morlock
26%
Klaus Augenthaler
24%
Guido Buchwald
23%
Hans Schäfer
23%
Horst Eckel
23%
Jürgen Grabowski
23%
Rainer Bonhof
22%
Thomas Berthold
19%
Josef Posipal
18%
Stefan Reuter
18%
Werner Liebrich
14%
Werner Kohlmeyer
13%
Keine übereinstimmenden Quizze gefunden
Verteilung der Resultate
Anzahl Personen mit jedem Resultat
Perzentil nach korrekt beantworteten Fragen
Ihre Resultats-Entwicklung
Sie haben dieses Quiz noch nicht gespielt